Bol'šije sistemy svjaznost', složnost' i katastrofy

Guardado en:
Detalles Bibliográficos
Autor principal: Casti, John L.
Formato: Libro
Lenguaje:ruso
Publicado: Moskva Mir 1982
Etiquetas: Agregar Etiqueta
Sin Etiquetas, Sea el primero en etiquetar este registro!

MARC

LEADER 00000nam a2200000 4500
001 c129049
005 20231103121802.1
041 0 |a rus 
044 |a RU 
245 1 0 |a Bol'šije sistemy  |b svjaznost', složnost' i katastrofy  |c John L. Casti 
264 1 |a Moskva  |b Mir  |c 1982 
300 |a 214 s. 
100 1 |a Casti, John L.